| 000 | 00770nam a2200181 4500 | ||
|---|---|---|---|
| 999 |
_c6547 _d6547 |
||
| 008 | 170404b xxu||||| |||| 00| 0 eng d | ||
| 022 | _a0022-3514 | ||
| 082 | _aDPer 155.205 J82 Feb-Apr 2016 v. 110, n. 2-4 | ||
| 100 |
_919788 _aKteily, Nour |
||
| 245 |
_aThey see us as less than human: _bmetadehumanization predicts intergroup conflict via reciprocal dehumanization/ _cNour Kteily, Gordon Hodson and Emile Bruneau. |
||
| 260 |
_aWashington DC: _bAmerican Psychological Association, _c©Feb-Apr 2016. |
||
| 300 |
_av110 n3, pages 343-370; _c11 cm. |
||
| 500 | _aJournal of personality and social psychology. | ||
| 650 | 0 |
_919789 _aRace discrimination |
|
| 700 |
_919790 _aHodson, Gordon _eAuthor |
||
| 700 |
_919791 _aBruneau, Emile _eAuthor |
||
| 942 |
_2ddc _cPER |
||